000 00254nam a22001217a 4500
008 170426b xxu||||| |||| 00| 0 eng d
041 _aALB
080 _a54
100 _a12
101 _aSHM
245 _aNMENKLATURA KIMIKE
_cPOPA/K
942 _2udc
_cBK
999 _c12109
_d12109